00475nas a2200181 4500001001000000003000900010005001700019007000300036008003400039040005400073041000900127072000800136100001000144245002700154650001100181650001200192773008900204BR8404879BR-BrBNA20231205090010.0ta230509b bl.|||p| |||| 00| 00por d aBR-BrBNAbporcBiblioteca Nacional de Agricultura a(Pt) aF011 aAnon.1 aJojoba: bom desempenho aJOJOBA aPLANTIO0 tAgricultura de Hoje (Brazil)xISSN 0100-5707g(Sep 1984), v. 10(97) p. 21wBR8404879